<?xml version="1.0" encoding="UTF-8"?>
<record
    xmlns:xsi="http://www.w3.org/2001/XMLSchema-instance"
    xsi:schemaLocation="http://www.loc.gov/MARC21/slim http://www.loc.gov/standards/marcxml/schema/MARC21slim.xsd"
    xmlns="http://www.loc.gov/MARC21/slim">

  <leader>01304nam a2200397 i 4500</leader>
  <controlfield tag="003">OSt</controlfield>
  <controlfield tag="005">20260508063904.0</controlfield>
  <controlfield tag="006">a|||||r|||| 00| 0 </controlfield>
  <controlfield tag="007">ta</controlfield>
  <controlfield tag="008">191218s2001    ag            000 0 spa d</controlfield>
  <datafield tag="020" ind1=" " ind2=" ">
    <subfield code="a">9507016791</subfield>
  </datafield>
  <datafield tag="020" ind1=" " ind2=" ">
    <subfield code="a">9789507016790</subfield>
  </datafield>
  <datafield tag="040" ind1=" " ind2=" ">
    <subfield code="a">AR-MoUNM</subfield>
  </datafield>
  <datafield tag="041" ind1=" " ind2=" ">
    <subfield code="a">ES</subfield>
  </datafield>
  <datafield tag="082" ind1="0" ind2=" ">
    <subfield code="2">20</subfield>
    <subfield code="a">507.12</subfield>
    <subfield code="b">CIE 569</subfield>
  </datafield>
  <datafield tag="245" ind1="0" ind2="0">
    <subfield code="a">Ciencias naturales y tecnolog&#xED;a 8 : </subfield>
    <subfield code="b">EGB 3 / </subfield>
    <subfield code="c">Patricia Alberico... [et. al.].</subfield>
  </datafield>
  <datafield tag="260" ind1=" " ind2=" ">
    <subfield code="a">Buenos Aires : </subfield>
    <subfield code="b">Aique, </subfield>
    <subfield code="c">2001. </subfield>
  </datafield>
  <datafield tag="300" ind1=" " ind2=" ">
    <subfield code="a">320 p. : </subfield>
    <subfield code="b">il. ; gr&#xE1;f. ; mapas ; </subfield>
    <subfield code="c">28 cm.</subfield>
  </datafield>
  <datafield tag="490" ind1="0" ind2=" ">
    <subfield code="a">(Colecci&#xF3;n libros y +)</subfield>
  </datafield>
  <datafield tag="500" ind1=" " ind2=" ">
    <subfield code="a">T&#xED;tulo de tapa: Ciencias naturales y tecnolog&#xED;a 8 : EGB tercer ciclo.</subfield>
  </datafield>
  <datafield tag="650" ind1=" " ind2="7">
    <subfield code="a">CIENCIAS NATURALES</subfield>
    <subfield code="2">mpirdes</subfield>
    <subfield code="9">613</subfield>
  </datafield>
  <datafield tag="650" ind1=" " ind2="7">
    <subfield code="9">10935</subfield>
    <subfield code="2">unescot</subfield>
    <subfield code="a">CIENCIAS DE LA VIDA</subfield>
  </datafield>
  <datafield tag="650" ind1=" " ind2="7">
    <subfield code="a">FISICA</subfield>
    <subfield code="2">unescot</subfield>
    <subfield code="9">192</subfield>
  </datafield>
  <datafield tag="650" ind1=" " ind2="7">
    <subfield code="a">QUIMICA</subfield>
    <subfield code="2">unescot</subfield>
    <subfield code="9">377</subfield>
  </datafield>
  <datafield tag="650" ind1=" " ind2="7">
    <subfield code="9">4726</subfield>
    <subfield code="2">unescot</subfield>
    <subfield code="a">TIERRA (PLANETA)</subfield>
  </datafield>
  <datafield tag="650" ind1=" " ind2="7">
    <subfield code="9">6378</subfield>
    <subfield code="2">unescot</subfield>
    <subfield code="a">DIVERSIDAD BIOLOGICA</subfield>
  </datafield>
  <datafield tag="650" ind1=" " ind2="7">
    <subfield code="9">536</subfield>
    <subfield code="2">unescot</subfield>
    <subfield code="a">TECNOLOGIA</subfield>
  </datafield>
  <datafield tag="650" ind1=" " ind2="7">
    <subfield code="a">LUZ</subfield>
    <subfield code="2">unescot</subfield>
    <subfield code="9">2200</subfield>
  </datafield>
  <datafield tag="650" ind1=" " ind2="7">
    <subfield code="9">2680</subfield>
    <subfield code="2">unescot</subfield>
    <subfield code="a">ACUSTICA</subfield>
  </datafield>
  <datafield tag="650" ind1=" " ind2="7">
    <subfield code="9">6863</subfield>
    <subfield code="2">unescot</subfield>
    <subfield code="a">ESPECIE HUMANA</subfield>
  </datafield>
  <datafield tag="650" ind1=" " ind2="7">
    <subfield code="a">ENSE&#xD1;ANZA SECUNDARIA</subfield>
    <subfield code="2">unescot</subfield>
    <subfield code="9">642</subfield>
  </datafield>
  <datafield tag="700" ind1="1" ind2=" ">
    <subfield code="a">Alberico, Patricia.</subfield>
    <subfield code="9">21812</subfield>
  </datafield>
  <datafield tag="700" ind1="1" ind2=" ">
    <subfield code="a">Burgin, Andrea.</subfield>
    <subfield code="9">21813</subfield>
  </datafield>
  <datafield tag="700" ind1="1" ind2=" ">
    <subfield code="a">Celis, Alejandra.</subfield>
    <subfield code="9">21814</subfield>
  </datafield>
  <datafield tag="942" ind1=" " ind2=" ">
    <subfield code="c">LIBRO</subfield>
  </datafield>
  <datafield tag="999" ind1=" " ind2=" ">
    <subfield code="c">17090</subfield>
    <subfield code="d">17091</subfield>
  </datafield>
  <datafield tag="952" ind1=" " ind2=" ">
    <subfield code="0">0</subfield>
    <subfield code="1">0</subfield>
    <subfield code="4">0</subfield>
    <subfield code="7">0</subfield>
    <subfield code="a">ESPUNM</subfield>
    <subfield code="b">ESPUNM</subfield>
    <subfield code="d">2022-04-01</subfield>
    <subfield code="e">Donaci&#xF3;n Mar&#xED;a Laura Scaglia Rat</subfield>
    <subfield code="i">22270</subfield>
    <subfield code="l">0</subfield>
    <subfield code="o">507.12 CIE 569</subfield>
    <subfield code="p">22270</subfield>
    <subfield code="r">2022-04-01 00:00:00</subfield>
    <subfield code="t">Ej. C</subfield>
    <subfield code="w">2022-04-01</subfield>
    <subfield code="y">TR&#xC1;NSITO</subfield>
    <subfield code="z">Edificio ESPUNM</subfield>
  </datafield>
  <datafield tag="952" ind1=" " ind2=" ">
    <subfield code="0">0</subfield>
    <subfield code="1">0</subfield>
    <subfield code="4">0</subfield>
    <subfield code="7">0</subfield>
    <subfield code="a">ESPUNM</subfield>
    <subfield code="b">ESPUNM</subfield>
    <subfield code="d">2022-04-01</subfield>
    <subfield code="e">Donaci&#xF3;n Mar&#xED;a Laura Scaglia Rat</subfield>
    <subfield code="i">22271</subfield>
    <subfield code="l">0</subfield>
    <subfield code="o">507.12 CIE 569</subfield>
    <subfield code="p">22271</subfield>
    <subfield code="r">2022-04-01 00:00:00</subfield>
    <subfield code="t">Ej. 1</subfield>
    <subfield code="w">2022-04-01</subfield>
    <subfield code="y">TR&#xC1;NSITO</subfield>
    <subfield code="z">Edificio ESPUNM</subfield>
  </datafield>
</record>
